| Registos Bibliográficos associados ao registo de autoridade |
|
Etiqueta de registo: 00230nam 2200025 450 001 1701138 003 http://id.bnportugal.gov.pt/bib/catbnp/1701138 010 ## $a978-989-625-121-5 021 ## $aPT$b255005/07 100 ## $a20090202d2007 m y0pory01030103ba 101 0# $apor 102 ## $aPT 105 ## $aa z 101yy 106 ## $ar 200 1# $aPadre Manuel Antunes (1918-1985)$einterfaces da cultura portuguesa e europeia$fAires A. Nascimento... [et al.]$gcoord. José Eduardo Franco, Hermínio Rico$gpref. Eduardo Lourenço 205 ## $a1ª ed 210 #9 $aPorto$cCampo das Letras,$d2007 215 ## $a759 p.$cil.$d24 cm 225 2# $aCultura portuguesa$v12 317 ## $aBiblioteca Jorge de Sena$5PTBN: J.S. 11076 675 ## $a061.3$vBN$zpor$3292562 675 ## $a929Antunes, Manuel$vBN$zpor$31363012 675 ## $a378Antunes, Manuel$vBN$zpor$31363011 701 #1 $aNascimento,$bAires Augusto,$f1939- $cS.M.B.N.$4070$355817 702 #1 $aFranco,$bJosé Eduardo,$f1969-$4340$3276294 702 #1 $aRico,$bHermínio,$cS.J.$4340$31188791 702 #1 $aLourenço,$bEduardo,$f1923-2020$4080$324800 801 #0 $aPT$bBN$gRPC 900 ## $aBIBNAC$d20130602 966 ## $lBN$mFGMON$pBiblioteca Jorge de Sena$sJ.S. 11076$x3 966 ## $lBN$mFGMON$sS.C. 115671 V.$x1 966 ## $lBN$mFGMON$sS.C. 115671 V.-D$x1
Etiqueta de registo: 00230nam 2200025 450 001 1577448 003 http://id.bnportugal.gov.pt/bib/catbnp/1577448 010 ## $a978-972-31-1208-5 010 ## $a978-972-31-1193-4 010 ## $a972-31-1143-8 010 ## $a978-972-31-1191-0 010 ## $a978-972-31-1377-8 010 ## $a978-972-31-1378-5 010 ## $a972-31-1144-6 010 ## $a978-972-31-1242-9$bV. 1-2 (2008) 010 ## $a978-972-31-1192-7 010 ## $a978-972-31-1253-5 010 ## $a978-972-31-1254-2 010 ## $a978-972-31-1305-1 010 ## $a978-972-31-1379-2 021 ## $aPT$b234251/05 021 ## $aPT$b326460/11 100 ## $a20070228g20059999m y0pory0103 ba 101 0# $apor 102 ## $aPT 105 ## $aa z 001yy 106 ## $ar 200 1# $aObra completa do Padre Manuel Antunes, SJ$gcoord. ed. Arnaldo do Espírito Santo... [et al.]$gcomis. cient. Aires Augusto Nascimento... [et al.] 205 ## $aEd. crítica 210 #9 $aLisboa$cFundação Calouste Gulbenkian,$d2005-2012 215 ## $a14 vols.$cil.$d24 cm 225 2# $aCultura portuguesa 320 ## $aContém bibliografia 327 01 $a1º t., 1º v.: Theoria : cultura e civilização : cultura clássica : estudos / coord.
cient. Arnaldo do Espírito Santo. - 2007. - [10], 277, [2] p.$a1º t., 2º v., 1ª pt.: Theoria : cultura e civilização : cultura clássica : sebenta
da história da cultura clássica (1970) / coord. cient. Arnaldo do Espírito Santo.
- 2008. - VII, 324, [2] p.$a1º t., 3º v.: Theoria : cultura e civilização : filosofia da cultura / coord. cient.
Luís Machado de Abreu. - 2005. - [10], 630, [2] p. (2005)$a1º t., 4º v.: Theoria : cultura e civilização : história da cultura / coord. cient.
Luís Filipe Barreto. - 2007. - [10], 553, [2] p.$a1º t., 2º v. (Anexos e sebentas) 1ª e 2ª pts.: Theoria : cultura e civilização. -
2011-2012. - VII, 595, [2] p., 627, [2] p.$a2º t.: Paideia : educação e sociedade / coord. cient. José Eduardo Franco. - 2005.
- VII, 339, [2] p.$a3º t., 1º e 2º vols. : Política e relações internacionais / coord. cient. Guilherme
d'Oliveira Martins. - 2008-2009. - 573, [2] p., 573, [2] p.$a4º t.: Religião, teologia e espiritualidade / coord. cient. Hermínio Rico, SJ. - 2007.
- VII, 405, [2] p.$a5º t., 1º e 2º vols.: Estética e crítica literária / coord. cient. Eduardo Prado
Coelho, Miguel Real. - 2009. - 614 [1] p., 512, [1] p.$a6º t.: Correspondência e outros textos / coord. cient. Aires A. Nascimento. - 2010.
- 581, [2] p.$a7º t., 1º v.: Biografia ilustrada / coord. José Eduardo Franco, Luís Machado de Abreu.
- 2011. - 379, [3] p. 517 1# $aTheoria$ecultura e civilização$ecultura clássica$eestudos 517 1# $aTheoria$ecultura e civilização$ecultura clássica$esebenta da história da cultura clássica (1970) 517 1# $aTheoria$ecultura e civilização$efilosofia da cultura 517 1# $aTheoria$ecultura e civilização$ehistória da cultura 517 1# $aTheoria$ecultura e civilização$eanexos - sebentas 517 1# $aPaideia$eeducação e sociedade 517 1# $aPolítica e relações internacionais 517 1# $aReligião, teologia e espiritualidade 517 1# $aEstética e crítica literária 517 1# $aCorrespondência e outros textos 517 1# $aBiografia ilustrada 675 ## $a130.2$vBN$zpor$3353453 675 ## $a316.7$vBN$zpor$3296567 675 ## $a930.85$vBN$zpor$3291748 700 #1 $aAntunes,$bManuel,$f1918-1985$35524 702 #1 $aEspírito Santo,$bArnaldo,$f1942-$4340$330533 702 #1 $aNascimento,$bAires Augusto,$f1939- $cS.M.B.N.$4695$355817 702 #1 $aAbreu,$bLuís Machado de,$f1940-$4695$336262 702 #1 $aBarreto,$bLuís Filipe,$f1954-$4695$312707 702 #1 $aFranco,$bJosé Eduardo,$f1969-$4695$3276294 702 #1 $aRico,$bHermínio,$cS.J.$4695$31188791 702 #1 $aCoelho,$bEduardo Prado,$f1944-2007$4695$348357 702 #1 $aReal,$bMiguel,$cpseud.$4695$329728 801 #0 $aPT$bBN$gRPC 900 ## $aBIBNAC$d20091013 966 ## $b001$dT. 1, v. 1$lBN$mFGMON$pOrgal$sC.G. 20026 V.$x1 966 ## $b001$dT. 1, v. 2, pt. 1$lBN$mFGMON$pOrgal$sC.G. 20026 V.$x1 966 ## $b001$dT. 1, v. 3$lBN$mFGMON$sC.G. 20026 V.$x1 966 ## $b001$dT. 1, v. 4$lBN$mFGMON$sC.G. 20026 V.$x1 966 ## $b001$dT. 1, v. 2, pt. 1$lBN$mFGMON$nAnexos - Sebentas$sC.G. 20026 V.$x1 966 ## $b001$dT. 2$lBN$mFGMON$sC.G. 20026 V.$x1 966 ## $b001$dT. 3, v. 1$lBN$mFGMON$sC.G. 20026 V.$x1 966 ## $b001$dT. 1, v. 2, pt. 2$lBN$mFGMON$nAnexos - Sebentas$sC.G. 20026 V.$x1 966 ## $b001$dT. 4$lBN$mFGMON$sC.G. 20026 V.$x1 966 ## $b001$dT. 5, V. 1$lBN$mFGMON$sC.G. 20026 V.$x1 966 ## $b001$dT. 5, V. 2$lBN$mFGMON$sC.G. 20026 V.$x1 966 ## $b001$dT. 6$lBN$mFGMON$sC.G. 20026 V.$x1 966 ## $b001$dT. 7$lBN$mFGMON$sC.G. 20026 V.$x1 966 ## $b001$c2$dT. 3, v. 2$lBN$mFGMON$sC.G. 20026 V.$x1 966 ## $b001$dT. 1, v. 2, pt. 2$lBN$mFGMON$nAnexos - Sebentas$sC.G. 20026 V.$x1 966 ## $b001$dT. 1, v. 1$lBN$mFGMON$sC.G. 20026 V. - D $x1 966 ## $b001$dT. 5, v. 1$lBN$mFGMON$sC.G. 20026 V. - D $x1 966 ## $b001$dT. 1, v. 3$lBN$mFGMON$sC.G. 20026 V. - D $x1 966 ## $b001$dT. 2$lBN$mFGMON$sC.G. 20026 V. - D $x1 966 ## $b001$dT. 3, v. 2$lBN$mFGMON$sC.G. 20026 V. - D $x1 966 ## $b001$dT. 5, v. 2$lBN$mFGMON$sC.G. 20026 V. - D $x1 966 ## $b001$dT. 1, v. 2, pt 1$lBN$mFGMON$sC.G. 20026 V. - D $x1 966 ## $b001$dT. 1, v. 4$lBN$mFGMON$sC.G. 20026 V. - D $x1 966 ## $b001$dT. 3, v. 1$lBN$mFGMON$sC.G. 20026 V. - D $x1 966 ## $b001$dT. 6$lBN$mFGMON$sC.G. 20026 V. - D $x1 966 ## $b001$dT. 1, v. 1, pt. 2$lBN$mFGMON$nAnexos - Sebentas$sC.G. 20026 V. - D $x1 966 ## $b001$dT. 7$lBN$mFGMON$sC.G. 21026 V. - D $x1 966 ## $b001$dT. 4$lBN$mFGMON$sC.G. 21026 V. - D $x1
Etiqueta de registo: 00230nam 2200025 450 001 1287101 003 http://id.bnportugal.gov.pt/bib/catbnp/1287101 021 ## $aPT$b202848/03 100 ## $a20040701d2003 m y0pory0103 ba 101 0# $apor 102 ## $aPT 105 ## $aaf z 001yy 106 ## $ar 200 1# $aFé, ciência, cultura$eBrotéria - 100 anos$fcoord. Hermínio Rico, José Eduardo Franco 205 ## $a1ª ed 210 #9 $aLisboa$cGradiva,$d2003 215 ## $a561 p., [24] p. il.$cil.$d25 cm 675 ## $a050(469.411)(042.3)(091)$vBN$zpor$31195889 702 #1 $aFranco,$bJosé Eduardo,$f1969-$4340$3276294 702 #1 $aRico,$bHermínio,$cS.J.$4340$31188791 900 ## $aBIBNAC$d20130602 966 ## $lBN$mFGMON$nUsual Sala Leitura Geral$s070 BRO BRO$x1 966 ## $lBN$mFGMON$sP. 19820 V.$x1
|
|
|